Quel est le contraire ? - Statistiques

Statistiques générales
  • Ce quiz a été pris 837 fois
  • Le résultat moyen est 6 sur 10
Statistiques - réponses
Question Réponse % Correct
additionner soustraire
97%
rapidement lentement
85%
généreux avare
73%
interdire autoriser
69%
domestique sauvage
59%
nocturne diurne
57%
large étroit
55%
sympathique antipathique
37%
allonger raccourcir
35%
emprunter prêter
27%
Aucun quiz correspondant
Distribution des résultats
% des personnes avec chaque résultat
Percentile par nombre de réponses
Votre historique - résultats
Vous n’avez pas pris ce quiz